Statistics for The First 101 Prime Numbers

Click here to take the quiz!

General Stats

  • This quiz has been taken 88 times
  • The average score is 65 of 101

Answer Stats

Answer% Correct
11
98%
13
98%
17
98%
2
98%
3
98%
31
98%
41
98%
5
98%
7
98%
19
95%
23
95%
29
95%
37
95%
43
95%
47
95%
53
95%
59
95%
61
91%
67
91%
71
91%
73
91%
79
91%
83
91%
89
91%
101
86%
97
86%
103
84%
107
84%
109
82%
113
82%
137
82%
131
80%
127
77%
139
77%
149
77%
151
77%
157
77%
163
75%
167
73%
173
73%
181
73%
179
70%
191
68%
193
68%
197
68%
211
68%
199
66%
223
64%
227
64%
229
64%
233
64%
239
64%
241
64%
251
64%
257
64%
263
61%
269
59%
271
59%
277
59%
281
59%
283
59%
293
59%
307
57%
311
57%
313
52%
317
52%
331
52%
337
52%
347
50%
349
50%
353
50%
359
50%
367
50%
373
45%
379
41%
383
41%
389
41%
397
41%
401
41%
419
41%
409
39%
421
39%
431
36%
433
36%
439
36%
443
36%
449
36%
457
36%
461
36%
463
36%
467
36%
487
36%
479
34%
491
34%
521
32%
523
32%
499
30%
503
30%
509
30%
541
27%
547
27%

Score Distribution

Percentile by Number Answered

Percent of People with Each Score

Your Score History

You have not taken this quiz